| 000 | 00469nam a22001697a 4500 | ||
|---|---|---|---|
| 005 | 20251108175010.0 | ||
| 008 | 250721s1997 xx 000 0 ara d | ||
| 082 | 1 | 4 | _aق/خور |
| 100 | 1 |
_aالخوري، كوليت _eمؤلف |
|
| 245 | 1 | 0 |
_aأيام معه : _bرواية / |
| 264 | 1 |
_aدمشق : _bمكتبة الأسد، _c1997. |
|
| 300 | _a389ص. | ||
| 650 | 1 | 7 | _aالادب العربي |
| 650 | 1 | 7 | _aالروايات |
| 942 |
_2ddc _cBK |
||
| 999 |
_c123573 _d123573 |
||